000 00567nam a2200193Ia 4500
008 240729s9999 xx 000 0 und d
022 _a2393-3127
245 0 _aOvidius University Annals: Economic Sciences Series
260 _aRomania
260 _bOvidius University Press
650 _a Business | Social Sciences
650 _a Commerce
650 _a Economic theory. Demography
650 _a Economics as a science
650 _aSocial Sciences
856 _uhttps://doaj.org/toc/c22856aaea50456ba29acd6675332834
942 _2ddc
942 _cDOAJEJ
999 _c70873
_d70873
945 _a1
_bMadushi Gamage
_c1
_dMadushi Gamage